| 000 | 01221nam a22003617a 4500 | ||
|---|---|---|---|
| 003 | CHAP | ||
| 005 | 20220817041333.0 | ||
| 008 | 971013s1988 r 00010 d | ||
| 010 | _a11590 | ||
| 011 | _a12562 | ||
| 035 | _a15748 | ||
| 040 | _cCHAP | ||
| 090 | _aFolleto 12071 | ||
| 110 | _aMéxico. Dirección General de Planeación Educativa | ||
| 245 | _aNormas básicas del sector educativo | ||
| 260 |
_aMéxico : _bLa Secretaría, _c1988 |
||
| 300 | _a3 v. | ||
| 490 | _aColección educación : Serie educación en general | ||
| 500 | _aD14-184 | ||
| 590 |
_aBATCH-UPD _b10 _c20130110 _lUCH01 _h0312 |
||
| 590 |
_aBATCH-UPD _b10 _c20130110 _lUCH01 _h1927 |
||
| 590 |
_aBATCH-UPD _b10 _c20130409 _lUCH01 _h2344 |
||
| 590 |
_aBATCH-UPD _b10 _c20130410 _lUCH01 _h1620 |
||
| 590 |
_aBATCH-UPD _b10 _c20130914 _lUCH01 _h1004 |
||
| 590 |
_aCONVERSION _b10 _c20130109 _lUCH01 _h1308 |
||
| 650 | 1 | 4 |
_aEducación _xLeyes _xMéxico. _935461 |
| 650 | 1 | 4 |
_aEducación _xMéxico. _935466 |
| 830 | 0 |
_aColección educación : Serie educación en general _924837 |
|
| 901 | _aBK | ||
| 942 | _cFOLL | ||
| 949 |
_aFolleto 12071 _bBC _cFOLL _d-27957 _eTS1 _i15748 _mD _si |
||
| 949 |
_aFolleto 12071 _bBC _cFOLL _d-88352 _eTS2 _fc.2 _i15748 _mD _si |
||
| 999 |
_c11590 _d11590 |
||